Autocad 2000 toàn tập : Phần cao cấp

में बचाया:
ग्रंथसूची विवरण
मुख्य लेखक: Trần Văn Tư
स्वरूप: पुस्तक
भाषा:Undetermined
प्रकाशित: Hà Nội Thống kê 2000
विषय:
टैग : टैग जोड़ें
कोई टैग नहीं, इस रिकॉर्ड को टैग करने वाले पहले व्यक्ति बनें!
Thư viện lưu trữ: Trung tâm Học liệu Trường Đại học Cần Thơ
LEADER 00581nam a2200205Ia 4500
001 CTU_90620
008 210402s9999 xx 000 0 und d
082 |a 620.00420285 
082 |b T550 
100 |a Trần Văn Tư 
245 0 |a Autocad 2000 toàn tập : 
245 0 |b Phần cao cấp 
245 0 |c Trần Văn Tư 
260 |a Hà Nội 
260 |b Thống kê 
260 |c 2000 
650 |a cad ( computer program language ),computer 
650 |x aided design 
904 |i Trúc 
980 |a Trung tâm Học liệu Trường Đại học Cần Thơ